书目信息 |
| 题名: |
中州古代篆刻选
|
|
| 作者: | 牛济普 编著 | |
| 分册: | ||
| 出版信息: | 郑州 中州书画社 1983 |
|
| 页数: | 123页 | |
| 开本: | 16cm | |
| 丛书名: | ||
| 单 册: | ||
| 中图分类: | J292.4 | |
| 科图分类: | ||
| 主题词: | 印谱--中国--古代 , 篆刻--中国 , 书法--中国 | |
| 电子资源: | ||
| ISBN: | ||
| 000 | 00685nam0 2200253 45 | |
| 001 | 0183004065 | |
| 005 | 20060414093124.57 | |
| 010 | @dCNY1.80 | |
| 091 | @a8219.297 | |
| 100 | @a19950612d1983 em y0chiy0121 ea | |
| 101 | 0 | @achi |
| 102 | @aCN@b410000 | |
| 105 | @ay z 000yy | |
| 200 | 10 | @a中州古代篆刻选@Azhong zhou gu dai zhuan ke xuan@f牛济普编著@Fniu ji pu bian zhu |
| 210 | @a郑州@c中州书画社@d1983 | |
| 215 | @a123页@d16cm | |
| 606 | @a印谱@y中国@z古代 | |
| 606 | 0 | @a篆刻@x中国 |
| 606 | 0 | @a书法@x中国 |
| 690 | @aJ292.4 | |
| 701 | 0 | @a牛济普@Aniu ji pu@4编著 |
| 801 | 2 | @aCN@bNLC@c20060414 |
| 801 | 0 | @aCN@b上海图书馆@c20040520 |
| 905 | @f1@b212559@dJ292.4@e136 | |
| 中州古代篆刻选/牛济普编著.-郑州:中州书画社,1983 |
| 123页;16cm |
| ISBN :CNY1.80 |
| ● |
| 相关链接 |
|
|
|
|
正题名:中州古代篆刻选
索取号:J292.4/136
 
预约/预借
| 序号 | 登录号 | 条形码 | 馆藏地/架位号 | 状态 | 备注 |
| 1 | 0169144 | 202258644 | 密集书库/ [索取号:J292.4/136] | 在馆 | |
| 2 | 0169145 | 202258680 | 密集书库/ [索取号:J292.4/136] | 在馆 | |
| 3 | 0212559 | 000794750 | 第一样本阅览室/ [索取号:J292.4/136] | 在馆 |